Movies Quiz

Random Movies or Actor Quiz
Score 0/28 Timer 05:00
1 Play Today
Year Movie Title % Correct
2014Guardians of the Galaxy
94.1%
2019Avengers: Endgame
91.9%
2017Guardians of the Galaxy Vol. 2
91.5%
2018Avengers: Infinity War
87.5%
2015Jurassic World
86.4%
2018Jurassic World: Fallen Kingdom
78.1%
2019The Lego Movie 2: The Second Part
67.4%
2014The Lego Movie
58.7%
2016Passengers
55.6%
2020Onward
41.4%
2011Moneyball
35.6%
2016The Magnificent Seven
30.1%
2012Zero Dark Thirty
27.1%
2008Wanted
20.1%
Year Movie Title % Correct
2012The Five-Year Engagement
19%
2013Delivery Man
18%
2011What's Your Number?
16.7%
2013Her
16.6%
2013Movie 43
15.5%
2009Bride Wars
14.8%
2011Take Me Home Tonight
13.2%
2019The Kid
11.4%
2009Jennifer's Body
10.5%
201110 Years
10%
2005Strangers with Candy
9.1%
2015Jem and The Holograms
8.4%
2008Wieners
8%
2009Deep in the Valley
7.8%
Remove Ads.
Support Sporcle.
Get the best of Sporcle when you Go Orange. This ad-free experience offers more features, more stats, and more fun while also helping to support Sporcle. Thank you for becoming a member.

You're not logged in!

Compare scores with friends on all Sporcle quizzes.
OR
Log In

Sporcle TV

Today on Sporcle TV


Watch our educational content, quiz creation guides, and fun videos on Sporcle TV.

Show Comments

Extras

Top Quizzes Today


Score Distribution

Paid Content

Your Account Isn't Verified!

In order to create a playlist on Sporcle, you need to verify the email address you used during registration. Go to your Sporcle Settings to finish the process.

Report this User

Report this user for behavior that violates our Community Guidelines.

Details: